Virtuální podnik: móda, mýtus, iluze
Spoločné znaky moderných podnikových koncepcií. Sociálne a kvalifikačné požiadavky vo virtuálnych podnikoch. Organizačné úrovne virtuálneho podniku. Znaky "mikropolitického" jednania v organizácii. Premena zdrojov moci vo virtuálných organizáciách. "Mikropolitické" procesy vo virtuálných organizáciá...
Salvato in:
| Natura: | Capitolo di libro |
|---|---|
| Lingua: | ceco |
| Soggetti: | |
| Tags: |
Nessun Tag, puoi essere il primo ad aggiungerne!!
|
MARC
| LEADER | 00000naa a2200000 4500 | ||
|---|---|---|---|
| 001 | r040189 | ||
| 005 | 20231002100913.4 | ||
| 041 | 0 | |a cze | |
| 044 | |a CZ | ||
| 245 | 1 | 0 | |a Virtuální podnik: móda, mýtus, iluze |
| 520 | |a Spoločné znaky moderných podnikových koncepcií. Sociálne a kvalifikačné požiadavky vo virtuálnych podnikoch. Organizačné úrovne virtuálneho podniku. Znaky "mikropolitického" jednania v organizácii. Premena zdrojov moci vo virtuálných organizáciách. "Mikropolitické" procesy vo virtuálných organizáciách. Typické idealistické predpoklady virtuálných podnikov. Problémy pri realizácii týchto predpokladov. | ||
| 610 | 2 | 0 | |a podnik virtuálny |
| 610 | 2 | 0 | |a štruktúra podniku organizačná |
| 610 | 2 | 0 | |a zamestnanci |
| 610 | 2 | 0 | |a náročnosť profesionálna |
| 610 | 2 | 0 | |a formy podnikov |
| 610 | 2 | 0 | |a kvalifikácia |
| 610 | 2 | 0 | |a moc politická |
| 610 | 2 | 0 | |a stratégia podniková |